LEADER 01240cam2 2200397 450 001 990000506140203316 005 20140117123853.0 035 $a0050614 035 $aUSA010050614 035 $a(ALEPH)000050614USA01 035 $a0050614 100 $a20010613f---0---9km-y0itay50------ba 101 0 $aita 102 $aIT 105 $ay|||||||001yy 200 1 $aDal Muratori al Cesarotti 210 $aMilano$aNapoli$cRicciardi 215 $avolumi$d22 cm 225 2 $a<> letteratura italiana$v44 410 0$1001000367518$12001$a<> letteratura italiana$v, 44 606 0 $aLetteratura italiana$zSec. 18.$xAntologie$2BNCF 676 $a858.60808 801 0$aIT$bsalbc$gISBD 912 $a990000506140203316 951 $aVI.3. Coll. 23/ 64/(V A Coll. 12/44/)$bL.M.$cVI.3. Coll. 959 $aBK 969 $aUMA 979 $aPATTY$b90$c20010613$lUSA01$h1233 979 $aPATTY$b90$c20010613$lUSA01$h1252 979 $c20020403$lUSA01$h1659 979 $aPATRY$b90$c20040406$lUSA01$h1635 979 $aANNAMARIA$b90$c20140117$lUSA01$h1228 979 $aANNAMARIA$b90$c20140117$lUSA01$h1238 979 $aANNAMARIA$b90$c20140117$lUSA01$h1238 996 $aDal Muratori al Cesarotti$9588472 997 $aUNISA LEADER 01079nam--2200361---450- 001 990000584870203316 005 20050818100356.0 035 $a0058487 035 $aUSA010058487 035 $a(ALEPH)000058487USA01 035 $a0058487 100 $a20010725d1981----km-y0itay0103----ba 101 $aeng 105 $a||||||||001yy 200 1 $aInequality and its perpetuation$ea theory of social stratification$fVictor S. D'Souza 210 $aDaryaganj$cManohar$d1981 215 $aX, 190 p.$d22 cm 410 $12001 606 0 $aClassi sociali$xTeorie 606 0 $aSocietà$xOrganizzazione$xTeorie 676 $a305.51 700 1$aD'SOUZA,$bVictor S.$0546973 801 0$aIT$bsalbc$gISBD 912 $a990000584870203316 951 $aII.5. 4405(XV C 19)$b141665 LM$cXV C 959 $aBK 969 $aUMA 979 $aPATTY$b90$c20010725$lUSA01$h1459 979 $c20020403$lUSA01$h1707 979 $aPATRY$b90$c20040406$lUSA01$h1640 979 $aCOPAT1$b90$c20050818$lUSA01$h1003 996 $aInequality and its perpetuation$9883557 997 $aUNISA